<?xml version="1.0" encoding="UTF-8"?>
<record
    xmlns:xsi="http://www.w3.org/2001/XMLSchema-instance"
    xsi:schemaLocation="http://www.loc.gov/MARC21/slim http://www.loc.gov/standards/marcxml/schema/MARC21slim.xsd"
    xmlns="http://www.loc.gov/MARC21/slim">

  <leader>03576cam a2200457 i 4500</leader>
  <controlfield tag="001">8523</controlfield>
  <controlfield tag="003">FISKH</controlfield>
  <controlfield tag="005">20250917123804.0</controlfield>
  <controlfield tag="008">190924s2008    enka          000 1 eng d</controlfield>
  <datafield tag="010" ind1=" " ind2=" ">
    <subfield code="a">  2019457138</subfield>
  </datafield>
  <datafield tag="020" ind1=" " ind2=" ">
    <subfield code="a">9780194790697</subfield>
    <subfield code="q">(pbk.)</subfield>
  </datafield>
  <datafield tag="020" ind1=" " ind2=" ">
    <subfield code="a">9780194790697</subfield>
  </datafield>
  <datafield tag="020" ind1=" " ind2=" ">
    <subfield code="a">019479069X</subfield>
    <subfield code="q">(pbk.)</subfield>
  </datafield>
  <datafield tag="035" ind1=" " ind2=" ">
    <subfield code="a">21216402</subfield>
  </datafield>
  <datafield tag="035" ind1=" " ind2=" ">
    <subfield code="a">(OCoLC)350474174</subfield>
  </datafield>
  <datafield tag="037" ind1=" " ind2=" ">
    <subfield code="a">52350</subfield>
    <subfield code="b">TVG</subfield>
  </datafield>
  <datafield tag="040" ind1=" " ind2=" ">
    <subfield code="a">TVG</subfield>
    <subfield code="b">eng</subfield>
    <subfield code="c">TVG</subfield>
    <subfield code="d">OCLCQ</subfield>
    <subfield code="d">CNCGM</subfield>
    <subfield code="e">rda</subfield>
    <subfield code="d">DLC</subfield>
  </datafield>
  <datafield tag="050" ind1="0" ind2="0">
    <subfield code="a">PE1126.A4</subfield>
    <subfield code="b">B46 2008</subfield>
  </datafield>
  <datafield tag="082" ind1="0" ind2="4">
    <subfield code="a">428.6</subfield>
  </datafield>
  <datafield tag="100" ind1="1" ind2=" ">
    <subfield code="a">Binder, Susan.</subfield>
  </datafield>
  <datafield tag="245" ind1="1" ind2="0">
    <subfield code="a">Return to earth /</subfield>
    <subfield code="c">John Christopher ; retold by Susan Binder.</subfield>
  </datafield>
  <datafield tag="250" ind1=" " ind2=" ">
    <subfield code="a">Simplified edition.</subfield>
  </datafield>
  <datafield tag="260" ind1=" " ind2=" ">
    <subfield code="a">Oxford :</subfield>
    <subfield code="b">Oxford University Press,</subfield>
    <subfield code="c">2008.</subfield>
  </datafield>
  <datafield tag="300" ind1=" " ind2=" ">
    <subfield code="a">56 pages :</subfield>
    <subfield code="b">illustrations ;</subfield>
    <subfield code="c">20 cm.</subfield>
  </datafield>
  <datafield tag="336" ind1=" " ind2=" ">
    <subfield code="a">text</subfield>
    <subfield code="b">txt</subfield>
    <subfield code="2">rdacontent</subfield>
  </datafield>
  <datafield tag="337" ind1=" " ind2=" ">
    <subfield code="a">unmediated</subfield>
    <subfield code="b">n</subfield>
    <subfield code="2">rdamedia</subfield>
  </datafield>
  <datafield tag="338" ind1=" " ind2=" ">
    <subfield code="a">volume</subfield>
    <subfield code="b">nc</subfield>
    <subfield code="2">rdacarrier</subfield>
  </datafield>
  <datafield tag="490" ind1="1" ind2=" ">
    <subfield code="a">Oxford bookworms. Stage 2</subfield>
  </datafield>
  <datafield tag="505" ind1=" " ind2=" ">
    <subfield code="a">P
</subfield>
  </datafield>
  <datafield tag="520" ind1=" " ind2=" ">
    <subfield code="a">Help your students read their way to better English with this new edition of the world's best graded readers - now with a new range of World Stories, fully revised Factfiles, more audio, and new tests. The new edition includes the original Bookworms stories, plus the Starters, Playscripts and Factfiles, making it easy for you to see the full choice of books at each Stage. The highly acclaimed seven-stage system of grading, from Starter to Stage 6, remains the same, helping you to find the right level for all your students. The Oxford Bookworms Library provides superb reading and student / teacher support for the classroom, and is also highly recommended for schools running Extensive Reading Programmes, offering the right range of books that encourage students to read for pleasure. Key Features Stunning NEW covers, to get students interested from the start. NEW World Stories - collections of short stories written in English from around the world - Africa, Australia, South Asia and more... UPDATED Factfiles, with NEW text and colour photos, and a new look. UPDATED Tests, including a NEW Multiple-choice Test for every book. NEW Teacher's Handbook for each Stage, with answers to the activities in all the books. UPDATED Activity Worksheets with a story summary &amp; worksheets at Stages 1-4. MORE books available with Audio for students to listen to the complete text. Illustrations (including new ones in selected stories) to support the book and help introduce new vocabulary. About the Author information, Glossary and Activities section at the back of every book. FREE answer keys, tests, story summaries, and photocopiable activities from www.oup.com/elt/bookwormsDescription Fantasy &amp; Horror 700 Headwords Wordcount 6,250 Available on Audio CDAs they walk through a park in the distant future, Harl and Ellen talk about their work and their lives. But they will never have a life together because their work as scientists is more important to them than their love. Harl plans to leave Earth, on a long and dangerous journey through space. Ellen plans to stay on Earth, to change the way the human mind works. When Harl returns to Earth, Ellen will be long dead . . . and the world will be a very different place.</subfield>
  </datafield>
  <datafield tag="521" ind1="8" ind2=" ">
    <subfield code="a">530
</subfield>
    <subfield code="b">Lexile estimate
</subfield>
  </datafield>
  <datafield tag="521" ind1="8" ind2=" ">
    <subfield code="a">P
</subfield>
    <subfield code="b">Raz-Plus
</subfield>
  </datafield>
  <datafield tag="650" ind1=" " ind2="0">
    <subfield code="a">English language</subfield>
    <subfield code="x">Reading comprehension.</subfield>
  </datafield>
  <datafield tag="650" ind1=" " ind2="0">
    <subfield code="a">Readers.</subfield>
  </datafield>
  <datafield tag="650" ind1=" " ind2="7">
    <subfield code="a">Readers.</subfield>
    <subfield code="2">fast</subfield>
    <subfield code="0">(OCoLC)fst01090554</subfield>
  </datafield>
  <datafield tag="655" ind1=" " ind2="0">
    <subfield code="a">Science fiction, English.</subfield>
  </datafield>
  <datafield tag="655" ind1=" " ind2="0">
    <subfield code="a">Adventure stories, English.</subfield>
  </datafield>
  <datafield tag="906" ind1=" " ind2=" ">
    <subfield code="a">7</subfield>
    <subfield code="b">cbc</subfield>
    <subfield code="c">copycat</subfield>
    <subfield code="d">2</subfield>
    <subfield code="e">ncip</subfield>
    <subfield code="f">20</subfield>
    <subfield code="g">y-gencatlg</subfield>
  </datafield>
  <datafield tag="942" ind1=" " ind2=" ">
    <subfield code="2">ddc</subfield>
    <subfield code="c">BK</subfield>
    <subfield code="n">0</subfield>
  </datafield>
  <datafield tag="999" ind1=" " ind2=" ">
    <subfield code="c">8523</subfield>
    <subfield code="d">8523</subfield>
  </datafield>
  <datafield tag="952" ind1=" " ind2=" ">
    <subfield code="0">0</subfield>
    <subfield code="1">0</subfield>
    <subfield code="2">ddc</subfield>
    <subfield code="4">0</subfield>
    <subfield code="7">0</subfield>
    <subfield code="8">JUVF</subfield>
    <subfield code="a">002</subfield>
    <subfield code="b">001</subfield>
    <subfield code="c">TTP Yellow </subfield>
    <subfield code="d">2025-09-17</subfield>
    <subfield code="l">0</subfield>
    <subfield code="o">BIN 823.914  PZ7.C47 R48 </subfield>
    <subfield code="p">FIS00249</subfield>
    <subfield code="r">2025-09-17 12:38:01</subfield>
    <subfield code="t">1</subfield>
    <subfield code="w">2025-09-17</subfield>
    <subfield code="y">BK</subfield>
  </datafield>
</record>
